000 00555nam a22002057a 4500
003 NUST-PNEC
005 20170116181107.0
008 140423b xxu||||| |||| 00| 0 eng d
020 _a8120312430
040 _cPNEC
082 _a671 DEG
100 _935
_aDeGarmo E. Paul
245 _aMaterials and processes in manufacturing
_cE. Paul DeGarmo
250 _a8th ed.
260 _bPrentice Hall
_cc.1997
300 _axi, 1259 p. :
_bill. :
_c24cm
500 _aincludes index.
650 _xME, IME
_913490
_aManufacturing process
942 _2ddc
_cBK
999 _c68962
_d68962